000 00523nam a2200157 i 4500
001 60291
003 ES-MaACL
005 20230906164213.0
007 t|
008 031104s1916 ag ||||1| spa d
100 1 _aEspejo, Gerónimo.
_947795
245 1 3 _aEl paso de los Andes
_b: crónica histórica de las operacions del ejército de los Andes para la restauración de Chile en 1817 /
_cpor Gerónimo Espejo.
260 _aBuenos Aires :
_bJ. Roldán,
_c1916.
300 _a659 p. ;
_c23 cm.
852 _aES-MaACL
_jD-555
999 _c60291
_d60291